000 00367nam a22001577a 4500
003 MPLRDC
005 20220104163735.0
008 210129b ||||| |||| 00| 0 eng d
082 _a245.2 SK
100 _aSTONE KINGDOM
245 _aSDA AND THE LATTER RAIN OF THE HOLY SPIRIT
_c
260 _a
_b不详
_c
300 _b
650 _a
942 _cBK
_o245.2 SK
999 _c56619
_d56609